| 000 | 00314 a2200121 4500 | ||
|---|---|---|---|
| 001 | 70683 | ||
| 082 | _a808.8954910520 IFT | ||
| 090 |
_c38730 _d38730 |
||
| 100 | _aIftikhar Arif | ||
| 245 | _aPakistani Literature (Vol-7) | ||
| 260 |
_aIslamabad _bThe Pakistan Academy of letters _c2002 |
||
| 300 | _a264 p | ||
| 942 |
_acaenust _k808.8954910520 IFT |
||
| 999 |
_c305756 _d305756 |
||